=LDR 00000nam 2200000 4500 =001 INLIS000000000050130 =005 20240724123445 =035 ##$$a 0010-041700000000320 =008 240724################g##########0#ind## =020 ##$$a 978-602-7874-48-0 =040 ##$$a NBPDMAT =082 ##$$a 370.114 =090 ##$$a 370.114 Kur p =100 ##$$a Kurniawan, Syamsul =245 1#$$a Pendidikan Karakter : $b Konsepsi dan Implementasinya Secara Terpadu di Lingkungan Keluarga, Sekolah, Perguruan Tinggi dan Masyarakat /$c Syamsul Kurniawan. =250 ##$$a Cet. 3 =260 ##$$a Yogyakaarta :$b Ar-Ruz Media,$c 2016 =300 ##$$a 256 hlm. ; $c 24 x 17 cm. =650 #4$$a Pendidikan Karakter =850 ##$$a NBPDMAT =084 ##$$a 370.114 KUR p =504 ##$$a bibliografi hlm. 227-235 =520 ##$$a Biografi : hlm. 241 =520 ##$$a Indeks : hlm. 237-239 =990 ##$$a 31700833 =990 ##$$a 31700834 =990 ##$$a 31700834 =990 ##$$a 31700833